| 000 | 00602nam a2200205Ia 4500 | ||
|---|---|---|---|
| 003 | OSt | ||
| 005 | 20250205114035.0 | ||
| 008 | 210210b1999 xxu||||| |||| 00| 0 eng d | ||
| 040 | _cal | ||
| 041 | _aKannada | ||
| 082 | _aK894.6 JAVP | ||
| 100 |
_aJAVAHARALAL NEHRU. _dಜವಾಹರಲಾಲ್ ನೆಹರು _9197769 |
||
| 245 |
_aPriya Indira. _bಪ್ರಿಯ ಇಂದಿರಾ |
||
| 260 |
_aPeramugeru _bKaitanje Prakashana _c1999 |
||
| 300 | _avi,81 | ||
| 650 |
_aIndirage Neharu bareda patragalu _9197770 |
||
| 690 |
_aKannada Letters _9197771 |
||
| 906 | _aSG03777 | ||
| 942 |
_2ddc _cBK |
||
| 999 |
_c114404 _d114404 |
||